| 000 | 00908nab a2200277 u 4500 | ||
|---|---|---|---|
| 001 | 10807 | ||
| 003 | HDC | ||
| 007 | cr bn ---aaaaa | ||
| 008 | 210201b20120910my ||||| |||| 00| 0 may d | ||
| 040 | _aHDC | ||
| 100 |
_aMohamed Farid Noh, _eauthor _97654 |
||
| 245 | 0 |
_aTiada rempah tiada beras / _coleh Mohamed Farid Noh |
|
| 260 |
_aMalaysia: _bNew Straits Times Press (M) Bhd., _c2012 |
||
| 300 | _a1 online resource | ||
| 336 |
_atext _2rdacontent |
||
| 337 |
_acomputer _2rdamedia |
||
| 338 |
_aonline resource _2rdacarrier |
||
| 650 |
_aEntrepreneurships _910446 |
||
| 650 |
_aHalal Food _950 |
||
| 650 |
_aRice _92051 |
||
| 710 |
_aBerita Harian _eissung body |
||
| 856 | _zRequest full-text at [email protected] | ||
| 942 | _2lcc | ||
| 942 | _cNEWS | ||
| 942 | _kNWSC 003085 | ||
| 999 |
_c8130 _d8130 |
||